| Tag |
First Indicator |
Second Indicator |
Subfields |
| LEADER |
00000cam a2200000 i 4500 |
| 001 |
in00004450708 |
| 005 |
20210728155806.0 |
| 008 |
180912t20192019ncu b 001 0 eng c |
| 010 |
|
|
|a 2018042894
|
| 020 |
|
|
|a 9780786498512
|q paperback
|q alkaline paper
|
| 020 |
|
|
|a 078649851X
|q paperback
|q alkaline paper
|
| 020 |
|
|
|z 9781476633404 (ebook)
|
| 035 |
|
|
|a (OCoLC)on1030592821
|
| 040 |
|
|
|a DLC
|e rda
|c DLC
|d UtOrBLW
|
| 043 |
|
|
|a n-us---
|
| 049 |
|
|
|a TXAM
|
| 050 |
0 |
0 |
|a PS374.G68
|b A85 2019
|
| 082 |
0 |
0 |
|a 813/.0872909
|2 23
|
| 100 |
1 |
|
|a Anolik, Ruth Bienstock,
|d 1952-
|e author.
|0 http://id.loc.gov/authorities/names/n84228038
|
| 245 |
1 |
0 |
|a American gothic literature :
|b a thematic study from Mary Rowlandson to Colson Whitehead /
|c Ruth Bienstock Anolik.
|
| 264 |
|
1 |
|a Jefferson, North Carolina :
|b McFarland & Company, Inc., Publishers,
|c [2019]
|
| 264 |
|
4 |
|c ©2019
|
| 300 |
|
|
|a vii, 306 pages ;
|c 23 cm.
|
| 336 |
|
|
|a text
|b txt
|2 rdacontent
|
| 337 |
|
|
|a unmediated
|b n
|2 rdamedia
|
| 338 |
|
|
|a volume
|b nc
|2 rdacarrier
|
| 504 |
|
|
|a Includes bibliographical references and index.
|
| 505 |
0 |
|
|a Introduction: power and possession in American gothic literature -- The American woman: still possessed -- A new possession: slavery and beyond -- Return of the dead: the rebirth of the dispossessed Native American -- Dispossessed possessor: the displaced patriarch -- Masterless: the anxieties of freedom -- Return of the master: the new patriarch -- Textual (dis)possessions: Hannah crafts a textual labyrinth -- Intertextual voices in Gloria Naylor's Mama day: Shakespeare, the Bible and the dispossession of the reader -- Among women: convergences and divergences in gothic space -- Conclusion: toward a fourth century of American gothic.
|
| 520 |
|
|
|a American Gothic literature inherited many time-worn tropes from its English Gothic precursor, along with a core preoccupation, anxiety about power and property. The aristocratic villain is replaced by the striving, independent young man. The dispossession of Native Americans and African Americans add urgency to traditional Gothic anxieties about possession.
|
| 650 |
|
0 |
|a Gothic revival (Literature)
|z United States
|x History.
|
| 945 |
|
|
|b 900622
|
| 947 |
|
|
|a A14851639915
|
| 948 |
|
|
|a cataloged
|b h
|c 2021/6/4
|d c
|e dmitchel
|f 1:20:10 pm
|
| 994 |
|
|
|a 92
|b TXA
|
| 999 |
f |
f |
|s 8e2ee3e5-7b58-399e-b349-a6bcb99bc86a
|i 4a7a2e8c-27bc-3b86-a245-37f943dcdd28
|t 0
|
| 952 |
f |
f |
|p normal
|a Texas A&M University
|b College Station
|c Sterling C. Evans Library
|d Evans: Library Stacks
|t 0
|e PS374.G68 A85 2019
|h Library of Congress classification
|i unmediated -- volume
|m A14851639915
|
| 998 |
f |
f |
|a PS374.G68 A85 2019
|t 0
|l Evans: Library Stacks
|